Every Country to win an Olympic Medal: Skateboarding - Statistics

General Stats
  • This quiz has been taken 26 times
  • The average score is 4 of 5
Answer Stats
# of Medals Country % Correct
7 Japan
100%
5 USA
92%
5 Brazil
80%
3 Australia
64%
2 Great Britain
56%
No matching quizzes found
Score Distribution
Percent of People with Each Score
Percentile by Number Answered
Your Score History
You have not taken this quiz